Antecedentes y resumen de las conversaciones sobre los principales temas tratados /

Guardado en:
書目詳細資料
Autores Corporativos: UPEB, UNCTAD, PNUD, ICAP
格式: Texto
出版: San José :
標簽: 添加標簽
沒有標簽, 成為第一個標記此記錄!

MARC

LEADER 00000 a a2200000 04500
001 16626
003
040
090 |a 012500  
110 |a UPEB  
245 |a Antecedentes y resumen de las conversaciones sobre los principales temas tratados /  |c UPEB  
260 |a San José :  
300 |a 23 p.  
710 |a UNCTAD  
710 |a PNUD  
710 |a ICAP  
999 |c 8187  |d 8187